Suppression of bemisia tabaci (genn), aphis gossypii glover and spodoptera littoralis (bosid.) by coranus africana el-sebaey (hemiptera, heteroptera, reduviidae) in a tomato field (Record no. 55696)

MARC details
000 -LEADER
fixed length control field 01898cab a2200265Ia 45 0
001 - CONTROL NUMBER
control field u204536
003 - CONTROL NUMBER IDENTIFIER
control field SIRSI
008 - FIXED-LENGTH DATA ELEMENTS--GENERAL INFORMATION
fixed length control field 130328s2003 ua ss b eng d
040 ## - CATALOGING SOURCE
Original cataloging agency EAL
041 ## - LANGUAGE CODE
Language code of text/sound track or separate title eng
Language code of summary or abstract ara
090 ## - LOCALLY ASSIGNED LC-TYPE CALL NUMBER (OCLC); LOCAL CALL NUMBER (RLIN)
Classification number (OCLC) (R) ; Classification number, CALL (RLIN) (NR) ART BFACU V54 NO1 9
100 1# - MAIN ENTRY--PERSONAL NAME
Personal name El-Sebaey, I. I. A.
240 10 - UNIFORM TITLE
Uniform title Bulletin of Faculty of Agriculture. Cairo University, 2003 v. 54 (1)
Medium [electronic resource].
245 10 - TITLE STATEMENT
Title Suppression of bemisia tabaci (genn), aphis gossypii glover and spodoptera littoralis (bosid.) by coranus africana el-sebaey (hemiptera, heteroptera, reduviidae) in a tomato field
Medium [electronic resource].
246 15 - VARYING FORM OF TITLE
Title proper/short title مكافحة الذبابة البضاءbemisia tabaciوالمنaphis gossypii gloverودودة ورق القطن spodoptera littoralis بالمفترس coranus africana el-sebaey (فصيلة البق السفاح-رتبة نصفية الأجنحة) فى حقول الطماطم.
300 ## - PHYSICAL DESCRIPTION
Extent p.141-150.
504 ## - BIBLIOGRAPHY, ETC. NOTE
Bibliography, etc. note Includes references.
520 ## - SUMMARY, ETC.
Summary, etc. Mass reared reduviid, Coranus africana El-Sebaey was released in a tomato field plots against three tomato pests, Bemisia tabaci (Genn.), Aphis gossypii Golver and Spodoptora littoralis (Bosid). Control experimental plots without C. africana were maintained for each pest during the evalution period. C. africana greatly reduced the infestation of B. tabaci (99.1% & 92.25% for adult and immature stages respectively), A. gossypii (96.9 % ) and S. littoralis (98.3 %) during the first year; opposed to (99% & 97.6 %), (98.9 %) and (98.6 %) respectively during the second year.
546 ## - LANGUAGE NOTE
Language note Summary in Arabic.
596 ## -
-- 1
650 #0 - SUBJECT ADDED ENTRY--TOPICAL TERM
Topical term or geographic name entry element Tomatoes
General subdivision Diseases and pests
-- Biological control.
700 1# - ADDED ENTRY--PERSONAL NAME
Personal name Abd El-Wahab, H. A.
773 0# - HOST ITEM ENTRY
Title The Bulletin Faculty of Agriculture, Cairo University.
Related parts 2003.v.54(1)
International Standard Serial Number 0526-8613
Control subfield nnas
Record control number u158095
856 40 - ELECTRONIC LOCATION AND ACCESS
Uniform Resource Identifier <a href="http://nile.enal.sci.eg/EALE/2003/BFACU/5403/1/141.pdf">http://nile.enal.sci.eg/EALE/2003/BFACU/5403/1/141.pdf</a>
Public note Full Text Article
942 ## - ADDED ENTRY ELEMENTS (KOHA)
Koha item type Articles
Source of classification or shelving scheme Library of Congress Classification

No items available.


Home | About ENAL | Collections | Services | Activities | Calendar | Contact us

7 Nadi El Sayed St., Giza, Egypt | Phone:02-33351121 +02-33351313 | 
| Email: enalegypt@gmail.com